[Geometry Dash] Every Tartarus Victor - Statistics

General Stats
  • This quiz has been taken 17 times
  • The average score is 33 of 201
Answer Stats
# Nation Player % Correct
49 USA Zoink
100%
13 USA Doggie
90%
V RUS Dolphy
90%
6 USA Technical
90%
42 USA Trick
90%
47 GBR Cursed
70%
165 FIN kloone
60%
103 USA wPopoff
60%
131 CAN Zeronium
60%
149 NOR AeonAir
50%
157 ESP eastshark
50%
127 USA Netermind
50%
3 USA nSwish
50%
76 POR Taiago
50%
145 GBR Whizkid05
50%
8 SWE Wolvez
50%
160 RUS A6
40%
57 DNK Axinity
40%
28 KOR Baeru
40%
40 USA Bigthunder556
40%
16 ROM Kaza
40%
1 CAN Mullsy
40%
45 USA paqoe
40%
22 COL RaeveZ
40%
121 UKR SerVax
40%
41 AUS SnowBallerr
40%
52 USA Thnnder
40%
68 AUS ViperVenom95
40%
80 USA cobrablitz
30%
12 ISL Crisis
30%
15 USA dice88
30%
10 MEX Donei GD
30%
19 MEX DoSh7t
30%
37 CAN Finley
30%
14 AUT Hover
30%
164 FIN Jerpaa
30%
124 RUS Light
30%
109 FRA Litoks
30%
2 USA Mycrafted
30%
56 USA OneAlphaHelix
30%
150 KOR PoCle
30%
20 SVK Polterghast
30%
166 ROM Quivert
30%
32 CAN RG
30%
4 USA rori
30%
5 ARG Sid125
30%
50 USA skzyl
30%
7 USA Timo
30%
44 IRE Toka
30%
78 NOR Tunax
30%
91 USA Xanii
30%
66 NOR Zeroxy
30%
158 RUS Arshadow
20%
107 PAK Blackhole
20%
151 EST Breakcore
20%
17 USA BrianTheBurger
20%
119 ITY brite
20%
60 MEX Diris:v
20%
46 USA Dr. Joe
20%
89 CHL em
20%
188 ROM goanga
20%
120 NDL JesseGamingGD
20%
86 USA Jori
20%
189 SRB Kole
20%
23 GBR kyoto
20%
195 PHL MatsuoIsHere
20%
110 ESP miguel6456
20%
69 ITY Paliermu
20%
64 AUS PersonHuman42
20%
142 KOR PIkil
20%
51 KOR Seturan
20%
11 MEX Slashomi
20%
113 ZAF Surv
20%
29 COL Swooker
20%
25 RUS takma
20%
134 DEU Teno
20%
147 KAZ teraaa
20%
87 BRZ ultrakawaHD
20%
169 RUS w3rty
20%
67 LTU yolomodeboom
20%
183 LVA смышленый
10%
75 PHL adrian
10%
141 GBR Beanstalk
10%
24 USA Beastular
10%
182 RUS BONN GD
10%
200 USA Brad
10%
61 GBR Cheyne
10%
152 GBR Chubs Dubs
10%
30 ARM Citrus
10%
88 BRZ CringyDylan
10%
104 USA Cryonix6000
10%
177 NZE Dezstro
10%
65 BRZ DibiiziCookie
10%
178 USA DJ1482
10%
153 KOR DNM121
10%
83 MEX Emiliano56
10%
192 UKR fluget
10%
36 CUB frozen
10%
170 POL Gokill
10%
191 BRZ gotsmile
10%
92 ARG Hipo
10%
174 KOR Inbae
10%
18 VEN Jaegerdd
10%
130 USA Johnlikediamond
10%
48 LAO kay.
10%
146 GBR Kelvin
10%
117 RUS Kopyedz
10%
129 AUS KrNati
10%
96 MDV loliklee
10%
27 USA Luqualizer
10%
184 RUS microforest
10%
133 CAN NLShorty
10%
176 USA NordstromUSA
10%
81 POR Plutz
10%
21 ROM Ryth
10%
9 IRE SkyJax
10%
31 QAT SpirteX
10%
26 FRA TGM05
10%
111 ESP TheTerrBonnie
10%
93 CAN Tuggy
10%
148 USA Vikings
10%
172 RUS vvay
10%
62 KOR xoen
10%
39 AUT Zamasu
10%
115 CRI 13marciano
0%
123 USA 5shine
0%
163 CHN Abloxite
0%
85 ESP Almohadaless
0%
122 RUS aquariusy
0%
155 ESP BlazerFreak_
0%
139 USA Cayben886
0%
144 GBR ChaleGD
0%
187 USA CraZDemonX
0%
38 GBR Cymmas
0%
54 USA Drech120
0%
179 GBR Echo
0%
186 MEX Eclipse
0%
154 USA Enzollz
0%
55 ESP Evilseph83
0%
59 USA ezvie
0%
198 BRZ Felps_2106
0%
73 KOR Fhyr
0%
181 USA FrostBurn
0%
116 USA GarminBro
0%
125 GBR gdbros
0%
135 FRA GDonut
0%
97 CRI gxmd
0%
199 KOR hanni
0%
63 USA hstorm
0%
128 GBR i43
0%
173 AUS insert cringe
0%
196 USA Invinceicube
0%
168 RUS itzhealer
0%
194 NDL JannisTE
0%
118 USA Kanati
0%
162 CAN kath
0%
112 USA lamp86
0%
43 CAN lilWC
0%
34 UKR M4nst3r
0%
84 USA Magmeta
0%
82 NOR MarKushh
0%
98 GBR Maseh
0%
175 CHL matern
0%
137 CAN mike.
0%
58 ARG Muffy450
0%
190 UKR NazCompgames
0%
106 CAN necreiP
0%
161 ITY North
0%
94 USA NotNickOk
0%
108 COL Popperye
0%
114 USA ProudGiraffe311
0%
90 CAN Reptilian
0%
140 USA Romenski
0%
136 USA Ronrjkw
0%
35 USA rSteel
0%
79 KOR RunT
0%
126 CAN s3batr0nic
0%
95 USA samtaylor
0%
53 FIN Sanni
0%
171 USA Sharkified
0%
159 CAN Sharky
0%
180 USA skeebOwO
0%
197 USA Slim
0%
99 USA slimepesoz
0%
132 SVK Slipet
0%
71 DNK SpaceLIII
0%
100 USA stillsouless
0%
185 USA swaco
0%
105 RUS Tawer
0%
74 PER TDNeil79
0%
143 USA theworldofme
0%
102 USA Traffic
0%
70 USA vaen
0%
77 AUS Varium
0%
193 RUS Viktor_korneplod35
0%
167 KAZ wer_sus
0%
33 ESP xJuan98
0%
156 MEX Yuuwi
0%
72 GBR zane
0%
101 FRA ?!zob
0%
138 AUS Zombay
0%
No matching quizzes found
Score Distribution
Percent of People with Each Score
Percentile by Number Answered
Your Score History
You have not taken this quiz